000 00474nam a2200169Ia 4500
003 GCL
008 140319s9999 xx 000 0 ara d
040 _aGCL /
_cGCL
082 0 4 _a813.01
_bص ج
100 1 _aصلاح ذهنى
245 1 0 _aجاء الخريف /
_cصلاح ذهنى
300 _a175 ص
490 _aالكتاب الذهبى
_v0
650 0 4 _aالقصص القصيرة
650 0 4 _aالادب العربى - العصر الحديث
942 _2ddc
_cBK
999 _c39020
_d39020